Operations Management in China.

This book provides understanding how to make and buy products from China. The author takes readers inside Chinese organizations and shows how factories are built, labor is managed, goods are sourced, quality is controlled, and logistics are handled. Through this immersion experience, readers are abl...

Full description

Bibliographic Details
Main Author: Seidelson, Craig.
Format: eBook
Language:English
Published: New York : Business Expert Press, 2021.
Edition:2nd ed.
Series:Issn Series
Subjects:
Online Access:Click to View
LEADER 02246nam a22004213i 4500
001 EBC6685029
003 MiAaPQ
005 20231204023217.0
006 m o d |
007 cr cnu||||||||
008 231204s2021 xx o ||||0 eng d
020 |a 9781953349293  |q (electronic bk.) 
020 |z 9781953349286 
035 |a (MiAaPQ)EBC6685029 
035 |a (Au-PeEL)EBL6685029 
035 |a (OCoLC)1262372272 
040 |a MiAaPQ  |b eng  |e rda  |e pn  |c MiAaPQ  |d MiAaPQ 
050 4 |a TS155 
082 0 |a 658.500951 
100 1 |a Seidelson, Craig. 
245 1 0 |a Operations Management in China. 
250 |a 2nd ed. 
264 1 |a New York :  |b Business Expert Press,  |c 2021. 
264 4 |c Ã2021. 
300 |a 1 online resource (167 pages) 
336 |a text  |b txt  |2 rdacontent 
337 |a computer  |b c  |2 rdamedia 
338 |a online resource  |b cr  |2 rdacarrier 
490 1 |a Issn Series 
505 0 |a Cover -- Operations Management in China -- Contents -- Preface -- Abbreviation -- Chapter 1 Introduction -- Chapter 2 Factory Investment -- Chapter 3 Factory Construction -- Chapter 4 Labor -- Chapter 5 Management -- Chapter 6 Sourcing -- Chapter 7 Logistics -- Chapter 8 Opportunities and Threats -- About the Author -- Index -- Ad Page -- Back Cover. 
520 |a This book provides understanding how to make and buy products from China. The author takes readers inside Chinese organizations and shows how factories are built, labor is managed, goods are sourced, quality is controlled, and logistics are handled. Through this immersion experience, readers are able to see the opportunities and pitfalls in manufacturing in China. 
588 |a Description based on publisher supplied metadata and other sources. 
590 |a Electronic reproduction. Ann Arbor, Michigan : ProQuest Ebook Central, 2023. Available via World Wide Web. Access may be limited to ProQuest Ebook Central affiliated libraries.  
655 4 |a Electronic books. 
776 0 8 |i Print version:  |a Seidelson, Craig  |t Operations Management in China  |d New York : Business Expert Press,c2021  |z 9781953349286 
797 2 |a ProQuest (Firm) 
830 0 |a Issn Series 
856 4 0 |u https://ebookcentral.proquest.com/lib/matrademy/detail.action?docID=6685029  |z Click to View